| 000 | 00449nam a2200157Ia 4500 | ||
|---|---|---|---|
| 003 | IN-BaIIA | ||
| 008 | 211028s9999 xx 000 0 eng d | ||
| 040 | _cIIA Library | ||
| 080 |
_a550.38 _bCHA |
||
| 100 | _aChapman, Sydney | ||
| 245 | 4 |
_aThe earth's magnetism _cSydney Chapman |
|
| 260 |
_aLondon _bMethuen _c1951 |
||
| 300 | _axi, 137p. | ||
| 650 | _aAstronomy and Astrophysics Thesaurus | ||
| 942 | _cBK | ||
| 999 |
_c1258 _d1258 |
||